|
|
|
|
| LEADER |
00000cam a2200000 c 4500 |
| 001 |
109257896X |
| 003 |
DE-627 |
| 005 |
20241107221353.0 |
| 007 |
tu |
| 008 |
901213s1990 xx ||||| 00| ||eng c |
| 035 |
|
|
|a (DE-627)109257896X
|
| 035 |
|
|
|a (DE-576)02257896X
|
| 035 |
|
|
|a (DE-599)BSZ02257896X
|
| 035 |
|
|
|a (OCoLC)311409551
|
| 040 |
|
|
|a DE-627
|b ger
|c DE-627
|e rakwb
|
| 041 |
|
|
|a eng
|
| 100 |
1 |
|
|8 1\p
|a Gerbner, George
|d 1919-2005
|0 (DE-588)1019306459
|0 (DE-627)690846851
|0 (DE-576)357442377
|4 aut
|
| 109 |
|
|
|a Gerbner, George 1919-2005
|
| 245 |
1 |
0 |
|a Violence profile 1967 through 1988 - 89
|b enduring patterns
|c George Gerbner; Nancy Signorielli
|
| 264 |
|
1 |
|a [S.l.]
|b [Dep. of Communication, Univ. of Delaware]
|c 1990
|
| 300 |
|
|
|a 19, 20 Bl.
|
| 336 |
|
|
|a Text
|b txt
|2 rdacontent
|
| 337 |
|
|
|a ohne Hilfsmittel zu benutzen
|b n
|2 rdamedia
|
| 338 |
|
|
|a Band
|b nc
|2 rdacarrier
|
| 583 |
1 |
|
|a Archivierung prüfen
|c 20200919
|f DE-640
|z 1
|2 pdager
|
| 700 |
1 |
|
|a Signorielli, Nancy
|4 aut
|
| 883 |
|
|
|8 1\p
|a cgwrk
|d 20241001
|q DE-101
|u https://d-nb.info/provenance/plan#cgwrk
|
| 951 |
|
|
|a BO
|
| ELC |
|
|
|b 1
|
| LOK |
|
|
|0 000 xxxxxcx a22 zn 4500
|
| LOK |
|
|
|0 001 2156043418
|
| LOK |
|
|
|0 003 DE-627
|
| LOK |
|
|
|0 004 109257896X
|
| LOK |
|
|
|0 005 20151008150942
|
| LOK |
|
|
|0 008 901213||||||||||||||||ger|||||||
|
| LOK |
|
|
|0 040
|a DE-21
|c DE-627
|d DE-21
|
| LOK |
|
|
|0 852
|a DE-21
|
| LOK |
|
|
|0 852 1
|c KB 8 E 3641
|9 00
|
| LOK |
|
|
|0 866
|x Kopie
|
| LOK |
|
|
|0 935
|a krim
|
| LOK |
|
|
|0 939
|a 13-12-90
|b l01
|
| ORI |
|
|
|a SA-MARC-krimdoka001.raw
|
| SIG |
|
|
|a UB: KB 8 E 3641
|